Cryptic Hint & Word Scramble - Cities #1 - Statistics

General Stats
  • This quiz has been taken 445 times
  • The average score is 9 of 15
Answer Stats
Vague hint City Explanation of the vague hint % Correct
lebrOn, Kareem, shaquillE, Bill and ... Kobe These are all first names of famous basketball players.
98%
his haiR is always a toPic of discussion whEn around his faMily Perm 'He' has a perm, which is easily noticed when one sees his family members have straight hair.
89%
we all Know, youngeR siblings get waY too much attentiOn York New York is named for York and since has become way more famous than its sibling.
84%
in the pAst it has been Given the nameS oko, ekO, onim and Later ... Lagos Lagos has had many names in the past and some are still used today parallel to Lagos.
74%
I can do a handStand, buT i'm simPly not fLexible enough for a ... Split A split is a position in gymnastics.
72%
who is thE one iN a polYamorous relationShip with marY and Diane? Sydney Sydney is a given name.
63%
call garY, the olympiCs Are beGinning And tuRn the telLy on Calgary The 1988 Olympic Winter Games were held in Calgary.
62%
this city in kwazUlu-Natal wAs nameD afteR a Benjamin Durban Durban was named after Sir Benjamin D'Urban.
61%
cAre to lose lArge aMoUnts of pataCa Macau The currency of Macau is Pataca. Macau has many casinos and don't kid yourself, you'll lose money there.
59%
for thE siXth time nOw paPadopoulos, tHe bIrd has returNed Phoenix I'm sure you know, phoenixes are immortal birds from Greek mythology, who are cyclically reborn. The one spoken of here is called Papadopoulos and has just been reborn the sixth time.
58%
a tweltH of a foot aNd a basiCally infiNite perIod Of timE Incheon An inch is a very short distance and an eon is a very long period of time. Together they make Incheon or very little velocity.
41%
she tRained Nurses fOr the Care oF woundEd soLdiers in crimEa Florence This is talking about Florence Nightingale. By the way, she was born in Florence.
38%
Is there any Urban Area thaT haS to Be more speciaL thaN ...? Istanbul Istanbul is one of few cities famously beeing known by several different names in the past and furthermore, Istanbul is located on two continents.
38%
yoU'lL conceDe, this is Just the GreAtest nAme A plAce eveR hAd Guadalajara In my opinion Guadalajara is the best named city in the world.
36%
his finGers, mOistened from the flaCon, seNsuousLy grazEd his bOdy Cologne This man is applying Eau de Cologne.
25%
No matching quizzes found
Score Distribution
Percent of People with Each Score
Percentile by Number Answered
Your Score History
You have not taken this quiz